00334pam a2200133 a 4500020002000000041000500020100002800025245005400053250000900107260002300116300000800139653002100147700003200168 a81-239-0472-Xc h aNORMAN POTTER, eAuthor aFOOD SCIENCEcNORMAN POTTER, hTextual Documents  a15TH anew delhibCBS Pub a680 afood producation aJOSEPH HOTCHKISSeCo-Author